Adelaide - Football South Australia Clubs 2026 - Statistics

General Stats
  • This quiz has been taken 30 times
    24 since last reset
  • The average score is 30 of 62
Answer Stats
NPL % Correct
Sturt
88%
Sturt
88%
Comets
75%
Comets
75%
Croydon
75%
Metro Stars
75%
Metro Stars
75%
Vipers
75%
Adelaide City
63%
Adelaide City
63%
Adelaide Uni
63%
Adelaide Uni
63%
Adelaide United
63%
Birkalla
63%
Birkalla
63%
Cove
63%
Cove
63%
Para Hills
63%
Playford
63%
South Adelaide
63%
South Adelaide
63%
West Adelaide
63%
West Adelaide
63%
Beograd
50%
Campbelltown
50%
Campbelltown
50%
Cobras
50%
Cumberland
50%
Flinders United
50%
Fulham
50%
Modbury Jets
50%
Modbury Jets
50%
Modbury Vista
50%
Modbury Vista
50%
Noarlunga
50%
Port Adelaide
50%
Raiders
50%
Salisbury Inter
50%
Salisbury Inter
50%
Salisbury United
50%
Atletico
38%
Eastern United
38%
Elizabeth Grove
38%
Elizabeth Grove
38%
Jaguars
38%
Mount Barker
38%
Olympic
38%
Plympton
38%
Seaford
38%
Titans
38%
Angle Vale
25%
Barossa United
25%
Blue Eagles
25%
Football SA
25%
Ghan
25%
Hills Hawks
25%
Northern Demons
25%
Western Strikers
25%
Western Strikers
25%
Elizabeth Downs
13%
Gawler
13%
Pontian Eagles
0%
No matching quizzes found
Score Distribution
Percent of People with Each Score
Percentile by Number Answered
Your Score History
You have not taken this quiz since the last reset